| 000 | nam a22 7a 4500 | ||
|---|---|---|---|
| 999 |
_c129295 _d129295 |
||
| 008 | 190328b xxu||||| |||| 00| 0 eng d | ||
| 050 |
_aDA990.U46 _bP291 |
||
| 245 |
_aPast imperfect _bdealing with the past in Northern Ireland and societies in tradition _cEdited by Brandon Hamber |
||
| 260 |
_aNorthern Ireland _bIncore _c1998 |
||
| 300 |
_aix, 116p. ; _c21cm. |
||
| 650 |
_aReconciliation _xSocial aspects _xCongresses _945507 |
||
| 650 |
_aPeace movements _xCongresses _zNorthern Ireland _945508 |
||
| 650 |
_aPeaceful change _xInternational relations _xCongresses _945509 |
||
| 700 |
_aHamber, Brandon (ed.) _945510 |
||
| 942 |
_2lcc _cMONOGRAPH |
||